00669nam a2200205Ia 4500008004100000050001400041050001600055100002400071245008000095245010400175260003100279260001000310260001000320300001500330300002000345300001100365500005600376521001200432999001900444170504s9999 xx 000 0 und d aHD 30.28  b.Al366 2016 aAlecha, Argeo Jr B. 2aA tourism Development plan to promote Pansol, Laguna as a wellness center / cArgeo B. Alecha Jr, Patricia Betina S. Bravo, Karl Kimberlette P. Nacario, Cristian Ira O. Sabanal. aLas Piñas, Philippines : bSISC, c2016. a78 pages : billustrations ; c28 cm. aIncludes bibliographical references and appendices. aTourism c329729d329729